Fr. Conceicao Rodrigues College of Engineering

SCR Manual (Record no. 25864)

MARC details
000 -LEADER
fixed length control field 00303nam a2200145Ia 4500
082 ## - DEWEY DECIMAL CLASSIFICATION NUMBER
Classification number 621.3817
Item number GRA
100 ## - MAIN ENTRY--PERSONAL NAME
Personal name Grafham/D.R/ Golder/F.B
250 ## - EDITION STATEMENT
Edition statement 6
245 ## - TITLE STATEMENT
Title SCR Manual
260 ## - PUBLICATION, DISTRIBUTION, ETC.
Name of publisher, distributor, etc. prentice hall
Place of publication, distribution, etc. New Jersey
Date of publication, distribution, etc. 1979
300 ## - PHYSICAL DESCRIPTION
Extent 631
546 ## - LANGUAGE NOTE
Language note ENGLISH
654 ## - SUBJECT ADDED ENTRY--FACETED TOPICAL TERMS
Focus term SCR
942 ## - ADDED ENTRY ELEMENTS (KOHA)
Koha item type BOOK
Holdings
Withdrawn status Lost status Damaged status Not for loan Collection Home library Current library Date acquired Cost, normal purchase price Total Checkouts Full call number Barcode Date last seen Cost, replacement price Price effective from Koha item type Date due Date last checked out
        CRC Fr. Agnel's C.Rodrigues College of Engineering Fr. Agnel's C.Rodrigues College of Engineering 17/03/2023 325.95   621.3817 GRA 2240 17/03/2023 325.95 17/03/2023 BOOK    
        CRC Fr. Agnel's C.Rodrigues College of Engineering Fr. Agnel's C.Rodrigues- College of Engineering 17/03/2023 325.95 1 621.3817 GRA 2241 12/06/2023 325.95 17/03/2023 BOOK 13/04/2015 12/06/2023